|
|
|
|
| LEADER |
00000nam0a2200000 4500 |
| 001 |
160672 |
| 005 |
20231101222214.0 |
| 010 |
|
|
|a 9785953207461
|
| 035 |
|
|
|a (RuTPU)RU\TPU\book\174253
|
| 090 |
|
|
|a 160672
|
| 100 |
|
|
|a 20090526d2009 m y0rusy50 ca
|
| 101 |
0 |
|
|a rus
|
| 102 |
|
|
|a RU
|
| 105 |
|
|
|a a j 001zy
|
| 200 |
1 |
|
|a Моделирование и оптимизация полимерных материалов
|e учебное пособие
|f Г. А. Лущейкин
|
| 210 |
|
|
|a Москва
|c КолосС
|d 2009
|
| 215 |
|
|
|a 191 с.
|c ил.
|
| 225 |
1 |
|
|a Для высшей школы
|
| 225 |
1 |
|
|a Учебники и учебные пособия для студентов высших учебных заведений
|
| 320 |
|
|
|a Библиогр.: с. 189-190.
|
| 330 |
|
|
|a Книга содержит сведения о современных возможностях моделирования и оптимизации механических, термических и электрических свойств полимеров и композиционных материалов на их основе. Модельные расчеты свойств полимеров проводятся по химическому строению полимера с учетом его кристалличности; включены дополнительные сведения о вкладах имидных и других групп в параметры свойств полимеров. Модельные расчеты свойств композиционных полимерных материалов осуществляются по методу автора, исходя из свойств полимеров и наполнителей, с учетом размеров и формы элементов последних. Описаны планирование экспериментов, оценка качества полимерных материалов, выбор материалов; изложены методы создания баз данных и использования их для выбора материалов.
|
| 606 |
1 |
|
|a Полимерные материалы
|2 stltpush
|3 (RuTPU)RU\TPU\subj\68289
|9 83717
|
| 610 |
1 |
|
|a полимеры
|
| 610 |
1 |
|
|a механические свойства
|
| 610 |
1 |
|
|a моделирование
|
| 610 |
1 |
|
|a химическое строение
|
| 610 |
1 |
|
|a параметры
|
| 610 |
1 |
|
|a модельный расчет
|
| 610 |
1 |
|
|a диэлектрические свойства
|
| 610 |
1 |
|
|a композиционные полимерные материалы
|
| 610 |
1 |
|
|a планирование эксперимента
|
| 610 |
1 |
|
|a старение
|
| 610 |
1 |
|
|a эксплуатация
|
| 610 |
1 |
|
|a свойства
|
| 610 |
1 |
|
|a компьютерные программы
|
| 610 |
1 |
|
|a учебные пособия
|
| 675 |
|
|
|a 678(075.8)
|v 3
|
| 700 |
|
1 |
|a Лущейкин
|b Г. А.
|g Георгий Акимович
|
| 801 |
|
1 |
|a RU
|b 63413507
|c 20090526
|g PSBO
|
| 801 |
|
2 |
|a RU
|b 63413507
|c 20201028
|g RCR
|
| 900 |
|
|
|a Моделирование и оптимизация свойств материалов и технологических процессов
|
| 900 |
|
|
|a Моделирование сложных многокомпонентных химических процессов
|
| 900 |
|
|
|a Оптимизация химико-технологических процессов и систем
|
| 942 |
|
|
|c BK
|
| 959 |
|
|
|a 61/20090526
|d 3
|e 0
|f АНЛ:1
|f ЧЗТЛ:2
|
| 959 |
|
|
|a 10/20100302
|d 3
|e 0
|f АНЛ:1
|f ЧЗТЛ:2
|